000 00576nam a22001937a 4500
999 _c7444
_d7444
003 OSt
005 20211111110152.0
008 211111b ||||| |||| 00| 0 eng d
020 _a9780745650357
040 _cDDC
082 _a353.628 VEN 2011
100 _aVenkatapuram Sridhar
_915260
245 _aHealth justice :
_ban argument from the capabilities approach
260 _aCambridge,
_bMalden,
_b MA
_c2011
300 _axi, 270 p.
_bill,
_c 23 cm
504 _aIncludes bibliographical references (p. 247-264) and index
650 _aHealth
_92172
942 _2ddc
_cBOOK